Agustín Codazzi : (Registro nro. 6734)

Detalles MARC
000 -CABECERA
campo de control de longitud fija 00933cam a22002417a 4500
008 - CÓDIGOS DE INFORMACIÓN DE LONGITUD FIJA
fixed length control field 001120t1997 ck abco 000 0dspa
020 ## - NÚMERO INTERNACIONAL NORMALIZADO PARA LIBROS
ISBN 9583005045
040 ## - Fuente de catalogación
Agencia original de catalogación CO-JMCR
Agencia de transcripción CO-JMCR
082 04 - NÚMERO DE LA CLASIFICACIÓN DECIMAL DEWEY
Número de clasificación Decimal 910.92 /
Número de documento (Cutter) C112c
Edition number 23
100 1# - PUNTO DE ACCESO PRINCIPAL-NOMBRE DE PERSONA
Nombre personal Caballero, Beatriz.
9 (RLIN) 6383
245 10 - TÍTULO PROPIAMENTE DICHO
Título Agustín Codazzi :
Parte restante del título geógrafo /
Mención de responsabilidad, etc. Beatriz Caballero ; ilustraciones, Silvia Gómez.
250 ## - DECLARACIÓN DE EDICIÓN
Declaración de edición Primera edición
260 ## - PUBLICACIÓN, DISTRIBUCIÓN, ETC. (PIE DE IMPRENTA)
Lugar de publicación, distribución, etc. Santafé de Bogotá, D.C., Colombia :
Nombre del editor, distribuidor, etc. Colciencias :
-- Panamericana Editorial,
Fecha de publicación, distribución, etc. 1997.
300 ## - DESCRIPCIÓN FÍSICA
Extensión 76 páginas :
Otros detalles físicos ilustraciones, mapas, fotografías, retratos a color y blanco y negro ;
Dimensiones 28 cm.
440 0# - SERIES
Titulo Colciencias.
9 (RLIN) 6384
500 ## - NOTA GENERAL
Materials specified Incluye datos biográficos en tapa posterior.
650 14 - TÉRMINO DE MATERIA
Subdivisión cronológica 1793-1859
9 (RLIN) 6385
650 24 - TÉRMINO DE MATERIA
subdivision Geografica Colombia
9 (RLIN) 6386
650 24 - TÉRMINO DE MATERIA
9 (RLIN) 6387
700 ## - AUTOR SECUNDARIO - PERSONA
Nombre de persona Gómez, Silvia,
9 (RLIN) 6388
Existencias
Withdrawn status Lost status Source of classification or shelving scheme Damaged status Not for loan Home library Current library Shelving location Date acquired Source of acquisition Cost, normal purchase price Total Checkouts Full call number Barcode Date last seen Date last checked out Copy number Price effective from Koha item type
    Dewey Decimal Classification     Biblioteca Pública José María del Castillo y Rada Biblioteca Pública José María del Castillo y Rada Children's Area 04/15/2018 Donación 0.00 1 910.92 / C112c 201809841 09/27/2024 09/27/2024 Ej.1 04/15/2018 Books